| 000 | 00420nam a2200121Ia 4500 | ||
|---|---|---|---|
| 008 | 220204s9999 xx 000 0 und d | ||
| 020 | _a812120996X | ||
| 082 |
_a915(540)ARU _bSES.26 |
||
| 100 | _aSeshagiri, N | ||
| 245 | 0 | _aEncyclopaedia of cities and towns in India. 27 V. V.26. Arunachal Pradesh, Manipur, Meghalaya, Mizoram, Nagaland, Sikkim, Tripura | |
| 260 |
_aNew Delhi _bGyan Publishing House _c2009 |
||
| 942 | _cBK | ||
| 999 |
_c42824 _d42824 |
||